[Event "XV Weekend A"]
[Site "Cocquio-Trevisago ITA"]
[Date "2002.10.27"]
[Round "6"]
[White "Centofante, Maria Rosa"]
[Black "Florio, Italo"]
[Result "1-0"]
[WhiteElo "1543"]
[BlackElo "1290"]
[PlyCount "63"]
[EventDate "2002.10.19"]

1. d4 Nf6 2. Nf3 g6 3. c4 Bg7 4. Nc3 O-O 5. e4 c5 6. d5 d6 7. Be2 a6 8. O-O Bd7
9. Rb1 b5 10. cxb5 axb5 11. Nxb5 Nxe4 12. a3 Qb6 13. a4 Na6 14. Nd2 Nf6 15. Nc4
Qb8 16. Ne3 Nb4 17. Bd2 Nbxd5 18. b3 Nc7 19. Nxc7 Qxc7 20. Qc2 Rab8 21. b4 Bxa4
22. Qc1 Ne4 23. Nd5 Qb7 24. Bc4 e6 25. Nc3 Nxd2 26. Qxd2 Bxc3 27. Qxc3 d5 28.
Be2 c4 29. Bf3 Bb3 30. Bd1 Qxb4 31. Qxb4 Rxb4 32. Bxb3 1-0

[Event "XV Weekend A"]
[Site "Cocquio-Trevisago ITA"]
[Date "2002.10.27"]
[Round "6"]
[White "D'Aulisa, Francesco"]
[Black "Cazzaniga, Walter"]
[Result "0-1"]
[WhiteElo "1504"]
[BlackElo "2094"]
[PlyCount "102"]
[EventDate "2002.10.19"]

1. e4 e6 2. Nf3 d5 3. e5 c5 4. c3 Nc6 5. Bb5 Qb6 6. Ba4 c4 7. d4 Bd7 8. O-O f6
9. Re1 O-O-O 10. b4 Nge7 11. Na3 Ng6 12. Be3 Qc7 13. Nb5 Qb6 14. Qc1 Qa6 15.
Qd1 Nb8 16. Nd6+ Bxd6 17. Bxd7+ Nxd7 18. exd6 Qxd6 19. a4 Rhe8 20. a5 Nf4 21.
Bxf4 Qxf4 22. Qa4 Qd6 23. b5 h6 24. Rab1 g5 25. Rb2 e5 26. Rbe2 e4 27. Nd2 f5
28. f3 Nf6 29. Qb4 Qxb4 30. cxb4 Kd7 31. Rc1 Re7 32. Nb1 Kd6 33. Nc3 Nd7 34.
Na4 Rde8 35. Nc5 Nxc5 36. bxc5+ Kc7 37. Rce1 e3 38. g3 f4 39. Kg2 Rb8 40. Rb1
a6 41. bxa6 bxa6 42. Rxb8 Kxb8 43. Rb2+ Rb7 44. Rc2 Rb3 45. Kh3 Rd3 46. gxf4
gxf4 47. Kg4 Rd2 48. Rc1 e2 49. Re1 c3 50. Kxf4 c2 51. Ke3 Rd1 0-1

[Event "XV Weekend A"]
[Site "Cocquio-Trevisago ITA"]
[Date "2002.10.27"]
[Round "6"]
[White "De Francisci, Lorenzo"]
[Black "Bertrecchi, Corrado"]
[Result "1-0"]
[WhiteElo "1654"]
[BlackElo "1398"]
[PlyCount "95"]
[EventDate "2002.10.19"]

1. e4 e6 2. d4 c5 3. dxc5 Bxc5 4. Nf3 Qb6 5. Qd2 Nf6 6. Nc3 Nc6 7. Na4 Qb4 8.
Nxc5 Qxc5 9. Bd3 Nb4 10. b3 Nxd3+ 11. Qxd3 Qb4+ 12. Bd2 Qxe4+ 13. Qxe4 Nxe4 14.
Bb4 b6 15. O-O Bb7 16. Ne5 Rd8 17. Rfe1 Nc5 18. Nc4 d5 19. Ne5 O-O 20. c4 Rfe8
21. Re3 f6 22. Nf3 d4 23. Re2 e5 24. Rd1 d3 25. Re3 e4 26. Nd2 f5 27. f4 h6 28.
Nb1 Ne6 29. g3 Kh8 30. Bc3 Kh7 31. h4 Rg8 32. Kf2 Kg6 33. Be5 Kf7 34. Nc3 g5
35. hxg5 hxg5 36. Rh1 gxf4 37. gxf4 Rg6 38. Rh7+ Ng7 39. Re1 Rg8 40. Nb5 Ke6
41. Nd4+ Ke7 42. Nxf5+ Kf8 43. Nxg7 R8xg7 44. Bxg7+ Rxg7 45. Rxg7 Kxg7 46. Ke3
Kf6 47. Rh1 a6 48. Rh6+ 1-0

[Event "XV Weekend A"]
[Site "Cocquio-Trevisago ITA"]
[Date "2002.10.27"]
[Round "6"]
[White "Di Stefano, Claudio"]
[Black "Brioschi, Camillo"]
[Result "0-1"]
[WhiteElo "1495"]
[BlackElo "1741"]
[PlyCount "92"]
[EventDate "2002.10.19"]

1. d4 d5 2. e3 Nf6 3. c4 e6 4. Nf3 c5 5. Qc2 Nc6 6. a3 cxd4 7. exd4 dxc4 8.
Bxc4 Nxd4 9. Nxd4 Qxd4 10. Be3 Qe4 11. Bb5+ Bd7 12. Bxd7+ Kxd7 13. Qd2+ Bd6 14.
O-O Ke7 15. Nc3 Qe5 16. f4 Qa5 17. Qe2 Rhd8 18. Bd2 Qb6+ 19. Be3 Bc5 20. Bxc5+
Qxc5+ 21. Kh1 Rd7 22. Ne4 Nxe4 23. Qxe4 g6 24. Rac1 Qd5 25. Qb4+ Qd6 26. Qc3
Qd4 27. Qc2 Rad8 28. h3 Qe3 29. Rf3 Qxc1+ 30. Qxc1 Rd1+ 31. Qxd1 Rxd1+ 32. Kh2
Rd2 33. Rb3 b6 34. Kg3 f6 35. Kf3 e5 36. g3 Ke6 37. Ke3 Rc2 38. Kd3 Rg2 39. Kc4
exf4 40. gxf4 Rf2 41. Re3+ Kf5 42. b4 Rxf4+ 43. Kb5 Re4 44. Rf3+ Kg5 45. h4+
Kxh4 46. Rxf6 Re7 0-1

[Event "XV Weekend A"]
[Site "Cocquio-Trevisago ITA"]
[Date "2002.10.27"]
[Round "6"]
[White "Giordani, Marco"]
[Black "Piazza, Angelo"]
[Result "1-0"]
[WhiteElo "2097"]
[BlackElo "1656"]
[PlyCount "59"]
[EventDate "2002.10.19"]

1. d4 d5 2. c4 c6 3. Nf3 Nf6 4. Nc3 e6 5. e3 Nbd7 6. Bd3 Be7 7. O-O O-O 8. e4
dxe4 9. Nxe4 Nxe4 10. Bxe4 Nf6 11. Bc2 c5 12. Qd3 cxd4 13. Bg5 g6 14. Rad1 b6
15. Nxd4 Bb7 16. Qh3 Qc7 17. Qh4 Qxc4 18. Bxf6 Bxf6 19. Qxf6 Qxa2 20. Bb3 Qxb2
21. Rb1 Qd2 22. Nxe6 Qh6 23. Nxf8 Qxf8 24. Rbd1 Qg7 25. Qxg7+ Kxg7 26. Rd7 Be4
27. Re1 Bf5 28. Rxf7+ Kh6 29. h4 a5 30. Ree7 1-0

[Event "XV Weekend A"]
[Site "Cocquio-Trevisago ITA"]
[Date "2002.10.27"]
[Round "6"]
[White "Pedetti, Roberto"]
[Black "Bernasconi, Fabio"]
[Result "0-1"]
[WhiteElo "1488"]
[BlackElo "1594"]
[PlyCount "103"]
[EventDate "2002.10.19"]

1. c4 Nf6 2. Nc3 e6 3. e4 d6 4. b4 Be7 5. d4 O-O 6. Nf3 Nbd7 7. Bd3 c5 8. bxc5
dxc5 9. d5 exd5 10. exd5 Bd6 11. O-O Ne5 12. Nxe5 Bxe5 13. Qc2 h6 14. Be3 b6
15. g3 Bb7 16. Rfe1 Re8 17. f4 Bxc3 18. Qxc3 Ng4 19. Bf5 Nf6 20. Bc1 Qd6 21.
Re5 Nd7 22. Rxe8+ Rxe8 23. Bb2 Nf6 24. Re1 Re7 25. Re5 Ne8 26. Qe3 Rxe5 27.
Qxe5 Qd8 28. Kf2 Ba6 29. Bd3 Nf6 30. Be2 Bxc4 31. d6 Be6 32. f5 Bd7 33. Qe7
Qxe7 34. dxe7 Nd5 35. Be5 Nxe7 36. f6 gxf6 37. Bxf6 Nd5 38. Be5 Be6 39. Bc4 Nb4
40. Bxe6 fxe6 41. Bb8 a6 42. a4 Nd5 43. Ke2 Nc3+ 44. Kd3 Nxa4 45. Kc4 b5+ 46.
Kb3 Kf7 47. Be5 Kg6 48. h3 h5 49. Bh8 Kf5 50. Bg7 Nb6 51. Kc3 Nd5+ 52. Kb2 0-1

[Event "XV Weekend A"]
[Site "Cocquio-Trevisago ITA"]
[Date "2002.10.27"]
[Round "6"]
[White "Pepa, Syrja"]
[Black "Schingaro, Angelo"]
[Result "1/2-1/2"]
[WhiteElo "1684"]
[BlackElo "1588"]
[PlyCount "62"]
[EventDate "2002.10.19"]

1. e4 d6 2. d4 Nf6 3. Bd3 e5 4. c3 Bg4 5. f3 Bh5 6. Be3 Nbd7 7. Nd2 d5 8. Ne2
Bd6 9. Ng3 Bg6 10. O-O O-O 11. Bg5 dxe4 12. fxe4 h6 13. Bh4 Bh7 14. Nh5 Be7 15.
Nxf6+ Nxf6 16. Bxf6 Bxf6 17. d5 c6 18. c4 cxd5 19. cxd5 Rc8 20. Qb3 Rc7 21.
Rac1 Qc8 22. Rc3 Rxc3 23. bxc3 Qc5+ 24. Kh1 Qe3 25. Qc2 Rc8 26. Nf3 a6 27. Re1
Qc5 28. a4 Qxc3 29. Qb1 Qc7 30. Qb3 a5 31. Rb1 Kf8 1/2-1/2

[Event "XV Weekend A"]
[Site "Cocquio-Trevisago ITA"]
[Date "2002.10.27"]
[Round "6"]
[White "Strada, Stefano"]
[Black "Della Rocca, Luigi"]
[Result "1-0"]
[WhiteElo "1791"]
[BlackElo "1645"]
[PlyCount "45"]
[EventDate "2002.10.19"]

1. c4 Nf6 2. Nc3 g6 3. g3 Bg7 4. Bg2 d6 5. e4 c5 6. Nge2 Nc6 7. O-O O-O 8. d3
Bd7 9. Be3 a6 10. Qd2 Qc8 11. Bg5 Bh3 12. Nf4 Bxg2 13. Kxg2 e6 14. Nfe2 Rb8 15.
a4 Nd7 16. Rab1 Nde5 17. f4 Nd7 18. f5 Nde5 19. f6 Bh8 20. b3 Qd8 21. d4 cxd4
22. Nxd4 Ng4 23. Nxe6 1-0

[Event "XV Weekend A"]
[Site "Cocquio-Trevisago ITA"]
[Date "2002.10.27"]
[Round "6"]
[White "Travaini, Gianfranco"]
[Black "Taglione, Giuseppe"]
[Result "1-0"]
[WhiteElo "1510"]
[BlackElo "1500"]
[PlyCount "51"]
[EventDate "2002.10.19"]

1. e4 e6 2. d4 d5 3. e5 Nc6 4. Nf3 g6 5. Bd3 Bg7 6. O-O Nge7 7. Bg5 b6 8. c3 a5
9. Qa4 Bb7 10. Bb5 Qd7 11. Bxe7 Kxe7 12. Rc1 Qd8 13. Bxc6 Bxc6 14. Qxc6 Qd7 15.
Qxd7+ Kxd7 16. Ng5 Ke7 17. Nd2 Bh6 18. Ngf3 Rhf8 19. Re1 Rh8 20. h4 Bg7 21. Nh2
h6 22. Nhf3 Rac8 23. Rac1 c5 24. dxc5 Rxc5 25. b4 Rb5 26. a4 1-0

[Event "XXIV Festival A"]
[Site "Arco ITA"]
[Date "2002.10.18"]
[Round "1"]
[White "Aldrovandi, Costantino"]
[Black "Ziltener, Werner"]
[Result "1-0"]
[WhiteElo "2413"]
[BlackElo "2047"]
[PlyCount "107"]
[EventDate "2002.10.18"]

1. c4 Nf6 2. g3 c6 3. Bg2 d5 4. Nf3 Bg4 5. Ne5 Be6 6. O-O g6 7. cxd5 Bxd5 8.
Nf3 Bg7 9. Nc3 O-O 10. d3 h6 11. Nxd5 Nxd5 12. Bd2 Nd7 13. Rb1 Kh7 14. Qc2 Ne5
15. Ne1 Qb6 16. a3 Rfd8 17. e3 Qa6 18. d4 Nc4 19. Bc1 Ncb6 20. b3 e5 21. dxe5
Bxe5 22. Nf3 Bg7 23. Bb2 Bxb2 24. Qxb2 Qd3 25. Ne5 Qc3 26. Nxf7 Qxb2 27. Rxb2
Rd7 28. Ne5 Re7 29. Nd3 Rd8 30. Nc5 Nc3 31. Rc1 Ncd5 32. Rd2 Rde8 33. e4 Nf6
34. Rcd1 Kg7 35. f3 Kf7 36. Bf1 Kg7 37. b4 Kf7 38. a4 Kg7 39. a5 Nc8 40. Nb3 b6
41. Rc1 bxa5 42. Nxa5 Nb6 43. Rxc6 Nbd7 44. Bg2 Ne5 45. Rc1 g5 46. Kf2 h5 47.
Rcc2 Rf7 48. Ke3 h4 49. Rf2 Rd7 50. Bf1 Ng6 51. Bb5 Nd5+ 52. Ke2 Rde7 53. Bxe8
Nxb4 54. Rb2 1-0

[Event "XXIV Festival A"]
[Site "Arco ITA"]
[Date "2002.10.18"]
[Round "1"]
[White "Antoniacci, Riccardo"]
[Black "Schaefer, Michael"]
[Result "0-1"]
[WhiteElo "1927"]
[BlackElo "2186"]
[PlyCount "104"]
[EventDate "2002.10.18"]

1. e4 c5 2. Nf3 e6 3. d4 cxd4 4. Nxd4 a6 5. Bd3 Nf6 6. O-O d6 7. Nc3 Be7 8. Kh1
Nc6 9. Nxc6 bxc6 10. f4 Qc7 11. Qe2 Nd7 12. Qg4 Bf6 13. e5 dxe5 14. Ne4 Kf8 15.
b3 exf4 16. Bxf4 e5 17. Be3 Be7 18. Qh5 Nf6 19. Nxf6 Bxf6 20. Bc5+ Ke8 21. Bc4
Rb8 22. Rae1 Rb7 23. Bxf7+ Qxf7 24. Rxe5+ Bxe5 25. Rxf7 Rxf7 26. Qxe5+ Kd8 27.
Bb6+ Kd7 28. Qc7+ Ke6 29. Qxc6+ Kf5 30. h3 Bb7 31. Qa4 h5 32. Qd4 Re8 33. Qd3+
Be4 34. Qxa6 Re6 35. Qb5+ Re5 36. Qe2 Kg6 37. Bd4 Re6 38. c3 Rf5 39. Kh2 Rg5
40. g3 Rf5 41. c4 Kf7 42. b4 Bf3 43. Qf1 Re2+ 44. Kg1 Rxa2 45. c5 Kg6 46. Be3
Rb2 47. Bf4 Be4 48. Qc4 Bd5 49. Qc3 Rg2+ 50. Kf1 h4 51. Qd3 Rxg3 52. Qa6+ Rf6
0-1

[Event "XXIV Festival A"]
[Site "Arco ITA"]
[Date "2002.10.18"]
[Round "1"]
[White "Astengo, Corrado"]
[Black "Allegranti, Luca"]
[Result "1-0"]
[WhiteElo "2172"]
[BlackElo "1858"]
[PlyCount "55"]
[EventDate "2002.10.18"]

1. e4 e6 2. d4 d5 3. Nc3 Nf6 4. Bg5 Bb4 5. e5 h6 6. Bd2 Bxc3 7. bxc3 Ne4 8. Qg4
Kf8 9. Bd3 Nxd2 10. Kxd2 c5 11. Nf3 c4 12. Be2 Nc6 13. Qf4 Bd7 14. g4 Ne7 15.
h4 b5 16. h5 a5 17. a3 Rb8 18. Rab1 Nc6 19. g5 Qe7 20. Rhg1 b4 21. axb4 axb4
22. gxh6 Rxh6 23. Rxg7 Kxg7 24. Rg1+ Rg6 25. hxg6 bxc3+ 26. Ke3 f6 27. Rh1 fxe5
28. Qh6+ 1-0

[Event "XXIV Festival A"]
[Site "Arco ITA"]
[Date "2002.10.18"]
[Round "1"]
[White "Bolvary, Tamara"]
[Black "Valenti, Giuseppe"]
[Result "0-1"]
[WhiteElo "1949"]
[BlackElo "2230"]
[PlyCount "48"]
[EventDate "2002.10.18"]

1. e4 c5 2. Nf3 e6 3. Nc3 a6 4. g3 Nc6 5. d4 cxd4 6. Nxd4 Qc7 7. Bg2 Nf6 8. Nb3
b5 9. Nd5 exd5 10. exd5 Nb4 11. O-O Qxc2 12. Re1+ Kd8 13. Be3 Rb8 14. Qd4 Qc4
15. Qd2 Qd3 16. a3 Qxd2 17. Bxd2 Nbxd5 18. Ba5+ Nb6 19. Rac1 Bd6 20. Re3 Bc7
21. Rec3 Ne8 22. Bb4 Nc4 23. Bd5 Ned6 24. Nd2 Bb7 0-1

[Event "XXIV Festival A"]
[Site "Arco ITA"]
[Date "2002.10.18"]
[Round "1"]
[White "Bondielli, Giorgio"]
[Black "Dittmar, Peter"]
[Result "0-1"]
[WhiteElo "2006"]
[BlackElo "2320"]
[PlyCount "52"]
[EventDate "2002.10.18"]

1. e4 e6 2. d4 d5 3. e5 c5 4. c3 Ne7 5. Bd3 Nec6 6. Nf3 b6 7. Qe2 a5 8. Bg5 Qd7
9. a3 Ba6 10. O-O Bxd3 11. Qxd3 h6 12. Be3 c4 13. Qd2 b5 14. Qe2 Be7 15. Nbd2
Na6 16. b4 cxb3 17. Nxb3 a4 18. Nbd2 Na5 19. Rfb1 Rb8 20. Ne1 O-O 21. Nd3 Rfc8
22. Nb4 Nxb4 23. cxb4 Nc4 24. Rc1 Nxa3 25. Qg4 Rxc1+ 26. Rxc1 Kf8 0-1

[Event "XXIV Festival A"]
[Site "Arco ITA"]
[Date "2002.10.18"]
[Round "1"]
[White "Dervishi, Erald"]
[Black "Lovati, Paolo"]
[Result "1-0"]
[WhiteElo "2513"]
[BlackElo "2097"]
[PlyCount "69"]
[EventDate "2002.10.18"]

1. e4 e6 2. d4 d5 3. Nd2 dxe4 4. Nxe4 Bd7 5. Nf3 Bc6 6. Bd3 Nd7 7. O-O Ngf6 8.
Qe2 Bxe4 9. Bxe4 c6 10. Bd3 Bd6 11. c4 O-O 12. b3 Re8 13. Bb2 Qa5 14. Ne5 Ba3
15. Rad1 Bxb2 16. Qxb2 Nxe5 17. dxe5 Ng4 18. Rfe1 c5 19. Qe2 Rad8 20. Bxh7+
Kxh7 21. Qxg4 Rd4 22. Qe2 Red8 23. Rxd4 Rxd4 24. g3 Qc3 25. Qe3 Rd3 26. Qe4+
Kg8 27. Kf1 b6 28. Qa8+ Kh7 29. Qxa7 Rf3 30. Qb7 Rf5 31. Qe4 g6 32. Kg2 Qd2 33.
Re2 Qh6 34. Qe3 Qg7 35. g4 1-0

[Event "XXIV Festival A"]
[Site "Arco ITA"]
[Date "2002.10.18"]
[Round "1"]
[White "Di Lazzaro, Gabriele"]
[Black "Friedrich, Norbert"]
[Result "0-1"]
[WhiteElo "1985"]
[BlackElo "2296"]
[PlyCount "71"]
[EventDate "2002.10.18"]

1. e4 c5 2. Nc3 Nc6 3. f4 g6 4. Nf3 Bg7 5. Bc4 e6 6. O-O Nge7 7. a4 d5 8. Bb5
dxe4 9. Nxe4 O-O 10. Kh1 b6 11. Rb1 Bb7 12. d3 Na5 13. Bd2 a6 14. Bxa5 axb5 15.
Bc3 Bxe4 16. dxe4 bxa4 17. Bxg7 Kxg7 18. Qe1 Qc7 19. Qc3+ Kg8 20. Ne5 Rad8 21.
f5 Rd4 22. Qg3 Nc6 23. Nxc6 Qxc6 24. fxg6 hxg6 25. e5 Qd5 26. Rbe1 Rd2 27. h4
Kg7 28. Qg5 Qd8 29. Qg4 Rh8 30. Rf4 Rd4 31. Ref1 Rxh4+ 32. Qxh4 Qxh4+ 33. Rxh4
Rxh4+ 34. Kg1 Re4 35. Ra1 b5 36. b3 0-1

[Event "XXIV Festival A"]
[Site "Arco ITA"]
[Date "2002.10.18"]
[Round "1"]
[White "Diotallevi, Maurizio"]
[Black "Godena, Michele"]
[Result "0-1"]
[WhiteElo "2094"]
[BlackElo "2506"]
[PlyCount "96"]
[EventDate "2002.10.18"]

1. d4 d5 2. Bg5 Nd7 3. Nf3 Ngf6 4. e3 e6 5. c4 c6 6. cxd5 exd5 7. Nc3 Qa5 8.
Bxf6 Nxf6 9. Bd3 Bd6 10. h3 Qc7 11. Qc2 O-O 12. Rb1 Qe7 13. O-O g6 14. e4 dxe4
15. Nxe4 Nxe4 16. Bxe4 Be6 17. a3 Rad8 18. Rfe1 Bc7 19. Rbd1 Qf6 20. Qc3 Bb6
21. Rd2 Rd6 22. Red1 Rfd8 23. Qe3 Kg7 24. Qc3 R6d7 25. Qe3 Re7 26. Ne5 Rxd4 27.
Rxd4 Qxe5 28. Bf3 Bxd4 29. Qxd4 Qxd4 30. Rxd4 Rd7 31. Rxd7 Bxd7 32. Kf1 Kf6 33.
Ke2 Ke5 34. Ke3 b6 35. h4 h6 36. g3 f6 37. Bd1 g5 38. Bc2 c5 39. Bd1 a5 40. Bc2
b5 41. f4+ gxf4+ 42. gxf4+ Kd6 43. Bd3 c4 44. Bg6 Kc5 45. Kd2 Kd4 46. Bc2 Bc6
47. Bh7 b4 48. axb4 axb4 0-1

[Event "XXIV Festival A"]
[Site "Arco ITA"]
[Date "2002.10.18"]
[Round "1"]
[White "Djuric, Stefan"]
[Black "Astengo, Marcello"]
[Result "1-0"]
[WhiteElo "2490"]
[BlackElo "2092"]
[PlyCount "65"]
[EventDate "2002.10.18"]

1. e4 e6 2. d4 d5 3. Nc3 Nf6 4. Bg5 Bb4 5. exd5 O-O 6. dxe6 Re8 7. Nf3 Bxe6 8.
Be2 Bc4 9. O-O Bxe2 10. Nxe2 Nbd7 11. c3 Bd6 12. Re1 c6 13. Qc2 Qc7 14. Ng3 Nd5
15. Ne4 Bf8 16. c4 Nf4 17. Qd2 Ng6 18. Nh4 Nxh4 19. Bxh4 Qb6 20. c5 Qb5 21. Re3
b6 22. Rae1 Qa6 23. h3 Rec8 24. b3 bxc5 25. dxc5 Nxc5 26. Nf6+ Kh8 27. Qc2 g6
28. Re7 Bxe7 29. Rxe7 Ne6 30. Rxf7 Rc7 31. Rxc7 Nxc7 32. Qe4 Rf8 33. Qe7 1-0

[Event "XXIV Festival A"]
[Site "Arco ITA"]
[Date "2002.10.18"]
[Round "1"]
[White "Egger, Martin"]
[Black "Ager, Josef"]
[Result "0-1"]
[WhiteElo "2006"]
[BlackElo "2223"]
[PlyCount "80"]
[EventDate "2002.10.18"]

1. Nf3 Nf6 2. g3 g6 3. b3 Bg7 4. Bb2 d6 5. d4 O-O 6. Bg2 c5 7. c4 Nc6 8. d5 Na5
9. O-O a6 10. a4 Rb8 11. Bc3 Bd7 12. Nfd2 b6 13. e4 Ne8 14. Bxg7 Nxg7 15. Qc2
e5 16. f4 Qe7 17. Nc3 Nb7 18. Rf2 f5 19. Raf1 Rbe8 20. Qd3 Bc8 21. Kh1 Nd8 22.
Kg1 Nf7 23. exf5 Nxf5 24. Nce4 exf4 25. Rxf4 Ne5 26. Qc3 g5 27. R4f2 g4 28. Rf4
Ng6 29. R4f2 Ne5 30. h4 h6 31. Rf4 Kh7 32. R4f2 Nd4 33. Qe3 Bf5 34. Kh1 Nef3
35. Nxf3 gxf3 36. Rxf3 Bxe4 37. Qxe4+ Qxe4 38. Rxf8 Qe5 39. R1f7+ Kg6 40. h5+
Qxh5+ 0-1

[Event "XXIV Festival A"]
[Site "Arco ITA"]
[Date "2002.10.18"]
[Round "1"]
[White "Epishin, Vladimir V."]
[Black "Bartonicek, Zdenek"]
[Result "1-0"]
[WhiteElo "2628"]
[BlackElo "2109"]
[PlyCount "59"]
[EventDate "2002.10.18"]

1. d4 d5 2. c4 c6 3. Nc3 Nf6 4. e3 e6 5. Nf3 Be7 6. Bd3 O-O 7. O-O a6 8. e4
dxc4 9. Bxc4 b5 10. Bd3 Nbd7 11. Qc2 g6 12. e5 Nd5 13. Nxd5 cxd5 14. Bh6 Re8
15. Qd2 Bb7 16. Qf4 Bf8 17. h4 Bxh6 18. Qxh6 Qe7 19. Rae1 Qf8 20. Qf4 Rac8 21.
h5 Rc7 22. Re3 Qe7 23. Nh2 Rec8 24. Rg3 Nf8 25. Ng4 Nd7 26. Re1 Bc6 27. Nf6+
Kg7 28. Nxh7 Nf8 29. Nxf8 Rxf8 30. hxg6 1-0

[Event "XXIV Festival A"]
[Site "Arco ITA"]
[Date "2002.10.18"]
[Round "1"]
[White "Fuggetta, Leonardo"]
[Black "Borgo, Giulio"]
[Result "0-1"]
[WhiteElo "2055"]
[BlackElo "2430"]
[PlyCount "108"]
[EventDate "2002.10.18"]

1. c4 Nf6 2. g3 c5 3. Bg2 g6 4. Nc3 Bg7 5. Nf3 d5 6. cxd5 Nxd5 7. d4 Nxc3 8.
bxc3 Nc6 9. O-O O-O 10. e3 Be6 11. a4 cxd4 12. cxd4 Qd7 13. Bd2 Rfc8 14. a5 Rc7
15. Qa4 Rac8 16. Qa3 Bd5 17. Rfc1 e5 18. Bc3 exd4 19. Bxd4 Bxd4 20. Nxd4 Bxg2
21. Kxg2 Nxd4 22. exd4 Qd5+ 23. Kg1 Rxc1+ 24. Rxc1 Rxc1+ 25. Qxc1 Qxa5 26. Qc8+
Kg7 27. Qxb7 Qa1+ 28. Kg2 Qxd4 29. Qa6 h5 30. h4 Qb6 31. Qa1+ Kg8 32. Qa4 a6
33. Qe8+ Kg7 34. Qe5+ Qf6 35. Qc5 Qb2 36. Qa5 Qb7+ 37. Kg1 Qb5 38. Qc3+ Kg8 39.
Qc8+ Kh7 40. Qc7 Qf5 41. Qc4 a5 42. Qa4 Qb1+ 43. Kg2 Qb4 44. Qe8 Qb3 45. f4 a4
46. f5 gxf5 47. Qd7 Qe6 48. Qd1 Kg6 49. Kh2 a3 50. Qc1 a2 51. Qg5+ Kh7 52.
Qxh5+ Kg7 53. Qg5+ Qg6 54. Qc1 Qf6 0-1

[Event "XXIV Festival A"]
[Site "Arco ITA"]
[Date "2002.10.18"]
[Round "1"]
[White "Ivanov, Mikhail M."]
[Black "Blasco, Domenico"]
[Result "1-0"]
[WhiteElo "2456"]
[BlackElo "2056"]
[PlyCount "49"]
[EventDate "2002.10.18"]

1. Nf3 Nf6 2. c4 c5 3. Nc3 g6 4. d4 cxd4 5. Nxd4 Bg7 6. e4 Nc6 7. Be3 O-O 8.
Be2 d6 9. O-O Ng4 10. Bxg4 Bxg4 11. Nxc6 Bxd1 12. Nxd8 Bg4 13. Nxb7 a5 14. c5
Rfb8 15. c6 Rc8 16. Nd5 Re8 17. Nc7 a4 18. Nxe8 Rxe8 19. b4 Be2 20. Rac1 a3 21.
Na5 Bb2 22. Nc4 Bd3 23. Nxb2 axb2 24. Rb1 Rc8 25. Rxb2 1-0

[Event "XXIV Festival A"]
[Site "Arco ITA"]
[Date "2002.10.18"]
[Round "1"]
[White "Jurkovic, Ante"]
[Black "Roberti, Ignazio"]
[Result "1-0"]
[WhiteElo "2340"]
[BlackElo "2032"]
[PlyCount "89"]
[EventDate "2002.10.18"]

1. e4 e6 2. d4 d5 3. Nd2 dxe4 4. Nxe4 Nf6 5. Bg5 Be7 6. Bxf6 gxf6 7. Nf3 b6 8.
Bb5+ c6 9. Bd3 Qc7 10. Qe2 Nd7 11. O-O-O Bb7 12. Kb1 O-O-O 13. Rhe1 Kb8 14. g3
h6 15. Ned2 c5 16. c3 Bc6 17. Nh4 Rhe8 18. Qh5 Ne5 19. dxe5 Rxd3 20. Qxf7 fxe5
21. Ng6 Bg5 22. Qxc7+ Kxc7 23. Kc1 e4 24. Ne5 Rxd2 25. Rxd2 Rd8 26. Ree2 Rxd2
27. Rxd2 e3 28. fxe3 Bxe3 29. Nxc6 Kxc6 30. c4 a6 31. Kc2 Bxd2 32. Kxd2 Kd6 33.
Ke3 Ke5 34. g4 b5 35. b3 b4 36. h3 a5 37. h4 Kf6 38. Kf4 Kf7 39. Ke5 Ke7 40. g5
h5 41. g6 Kf8 42. Kxe6 Kg7 43. Kd5 Kxg6 44. Kxc5 Kf5 45. Kb5 1-0

[Event "XXIV Festival A"]
[Site "Arco ITA"]
[Date "2002.10.18"]
[Round "1"]
[White "Knors, Rudi"]
[Black "Scalcione, Michelangelo"]
[Result "0-1"]
[WhiteElo "2034"]
[BlackElo "2366"]
[PlyCount "140"]
[EventDate "2002.10.18"]

1. d4 Nf6 2. Nf3 g6 3. g3 Bg7 4. Bg2 O-O 5. O-O d6 6. c4 c6 7. Nc3 Bf5 8. Nh4
Be6 9. b3 d5 10. cxd5 Nxd5 11. Nxd5 Bxd5 12. e4 Be6 13. Bb2 Qb6 14. Qd2 Rd8 15.
Rad1 Na6 16. h3 Bxd4 17. Bxd4 c5 18. Bxc5 Nxc5 19. Qe3 Na6 20. Qxb6 axb6 21. f4
Nb4 22. f5 Bd7 23. Rd4 Nc6 24. Rd2 Be8 25. Rfd1 Rxd2 26. Rxd2 g5 27. Nf3 f6 28.
e5 Nxe5 29. Nxe5 fxe5 30. Bxb7 Ra7 31. Bd5+ Kg7 32. Be6 Bc6 33. Kf2 b5 34. Ke3
Ra8 35. Rc2 Bh1 36. Rh2 Bb7 37. Rd2 Kf6 38. g4 b4 39. Kf2 Be4 40. Ke3 Bb7 41.
Bc4 Rh8 42. Bd5 Ba6 43. Rc2 Rd8 44. Bc4 Rc8 45. Kd3 Bb7 46. Rh2 h5 47. gxh5 Rh8
48. Ke3 Rxh5 49. Be2 Rh8 50. Bg4 Rc8 51. Rd2 Rc3+ 52. Rd3 Rc2 53. Rd7 Bg2 54.
Ra7 Rc3+ 55. Kd2 Bxh3 56. Ra6+ Kf7 57. Bh5+ Kf8 58. f6 exf6 59. Rxf6+ Ke7 60.
Rb6 Bf5 61. Rxb4 Rc2+ 62. Ke3 Rxa2 63. Rb5 Kf6 64. Rb6+ Kg7 65. Rb5 Kf6 66.
Rb6+ Ke7 67. Rb5 Kd6 68. Bf3 Be6 69. Rb6+ Ke7 70. Ke4 Ra5 0-1

[Event "XXIV Festival A"]
[Site "Arco ITA"]
[Date "2002.10.18"]
[Round "1"]
[White "Luciani, Carlo"]
[Black "Di Lascio, Savino"]
[Result "1-0"]
[WhiteElo "2227"]
[BlackElo "1864"]
[PlyCount "79"]
[EventDate "2002.10.18"]

1. e4 c6 2. d4 d5 3. e5 Bf5 4. Nf3 e6 5. Be2 c5 6. Be3 Nc6 7. dxc5 Qa5+ 8. c3
Rc8 9. Nbd2 Nh6 10. h3 Be7 11. a3 Be4 12. b4 Qc7 13. Bf4 f6 14. exf6 Qxf4 15.
fxe7 Kxe7 16. O-O Nf5 17. Nxe4 dxe4 18. Qd2 Qc7 19. Qg5+ Kf8 20. Nh4 h6 21.
Ng6+ Kg8 22. Qf4 Qxf4 23. Nxf4 g5 24. Nxe6 Ne5 25. Nd4 Ne7 26. Bd1 Nd3 27. Bc2
b6 28. cxb6 axb6 29. Nb5 Kg7 30. f3 Nf4 31. Bxe4 Ne2+ 32. Kf2 Nxc3 33. Nxc3
Rxc3 34. a4 Rc4 35. a5 Rxb4 36. a6 Rxe4 37. fxe4 Ra8 38. Rfd1 Nc8 39. Rd8 Kf6
40. Rc1 1-0

[Event "XXIV Festival A"]
[Site "Arco ITA"]
[Date "2002.10.18"]
[Round "1"]
[White "Medancic, Rikard"]
[Black "Weinberg, Emanuele"]
[Result "1-0"]
[WhiteElo "2268"]
[BlackElo "1959"]
[PlyCount "91"]
[EventDate "2002.10.18"]

1. d4 Nf6 2. c4 e6 3. Nc3 c5 4. d5 exd5 5. cxd5 d6 6. e4 g6 7. Bd3 Bg7 8. Nge2
O-O 9. O-O Na6 10. h3 Nc7 11. a4 b6 12. Bg5 h6 13. Be3 Na6 14. Qd2 Kh7 15. Rad1
Nb4 16. Bc4 Ba6 17. Bxa6 Nxa6 18. b3 Rc8 19. f3 Qd7 20. Nb5 c4 21. b4 c3 22.
Nexc3 Nxb4 23. Rb1 Na6 24. a5 Nc5 25. axb6 axb6 26. Nd4 Rb8 27. Rb2 Qc7 28.
Rfb1 Rb7 29. Nc6 Nfxe4 30. fxe4 Re8 31. e5 Bxe5 32. Nxe5 Rxe5 33. Bxh6 Ne4 34.
Nxe4 Rxe4 35. Bf8 Qc5+ 36. Kh2 Qd4 37. Bxd6 Rd7 38. Bg3 Rxd5 39. Qxd4 Rexd4 40.
Rxb6 Rd1 41. Rxd1 Rxd1 42. Rb7 Rf1 43. Rb2 Rd1 44. Be5 Rd8 45. Rb7 Kg8 46. Bf6
1-0

[Event "XXIV Festival A"]
[Site "Arco ITA"]
[Date "2002.10.18"]
[Round "1"]
[White "Okkes, Menno"]
[Black "Ruzzier, Dario"]
[Result "1-0"]
[WhiteElo "2297"]
[BlackElo "1996"]
[PlyCount "25"]
[EventDate "2002.10.18"]

1. e4 e5 2. Nc3 Nf6 3. Bc4 Nxe4 4. Qh5 Ng5 5. d4 Ne6 6. dxe5 d6 7. exd6 Bxd6 8.
Nf3 O-O 9. O-O Nf4 10. Bxf4 Bxf4 11. Rad1 Qe8 12. Rfe1 Qc6 13. Qxf7+ 1-0

[Event "XXIV Festival A"]
[Site "Arco ITA"]
[Date "2002.10.18"]
[Round "1"]
[White "Papp, Gabor"]
[Black "Fontanari, Maurizio"]
[Result "1-0"]
[WhiteElo "2375"]
[BlackElo "2034"]
[PlyCount "93"]
[EventDate "2002.10.18"]

1. e4 c5 2. Nf3 Nc6 3. d4 cxd4 4. Nxd4 e5 5. Nb5 d6 6. a4 Be7 7. N1c3 a6 8. Na3
Nf6 9. Bg5 O-O 10. Bxf6 Bxf6 11. Nd5 Bg5 12. Nc4 Be6 13. Ncb6 Rb8 14. c3 f5 15.
Bd3 Ne7 16. Nxe7+ Bxe7 17. a5 f4 18. Bc4 Bxc4 19. Nxc4 Rf6 20. Nb6 Rg6 21. O-O
Bh4 22. Qf3 Qe8 23. Rfd1 Qc6 24. b3 Bd8 25. Nc4 Rc8 26. Rd5 Bc7 27. Rad1 Rf8
28. R1d3 Rff6 29. Qd1 Rh6 30. Nd2 Rfg6 31. b4 b5 32. c4 bxc4 33. Rc3 Bd8 34.
Nxc4 Bh4 35. Qc2 Qe8 36. Nxe5 Re6 37. Rc8 Bd8 38. Nc6 Rxe4 39. h3 Qg6 40. Rxd8+
Kf7 41. Qb3 Qe6 42. Rf5+ Rf6 43. Rxf6+ Kxf6 44. Rf8+ Kg5 45. h4+ Kxh4 46. Rxf4+
Kg5 47. Qg3+ 1-0